[Event "Tata Steel India Blitz w"]
[Site "Kolkata IND"]
[Date "2023.09.04"]
[Round "18.2"]
[White "Savitha,Shri B"]
[Black "Krush,I"]
[Result "0-1"]
[WhiteElo "2375"]
[BlackElo "2447"]

1.e4 c5 2.Nf3 e6 3.Nc3 a6 4.h3 b5 5.d4 cxd4 6.Nxd4 Bb7 7.Bd3 Nc6 8.Nxc6 Bxc6
9.O-O Nf6 10.e5 Nd5 11.Ne4 Be7 12.Qg4 Kf8 13.f4 h5 14.Qe2 g6 15.Kh1 Kg7 16.b3 Qb6
17.Rb1 Rac8 18.c4 Nb4 19.Be3 Qb7 20.cxb5 Bxe4 21.bxa6 Qa8 22.Bxe4 Qxe4 23.Rbc1 Rxc1
24.Rxc1 Nxa6 25.Rc4 Qb7 26.f5 gxf5 27.Qf2 Nb4 28.Qg3+ Kf8 29.Bc5 Bxc5 30.Rxc5 Rg8
31.Qf2 Nd3 32.Qc2 Nxc5 33.Qxc5+ Ke8 34.Qc2 h4 35.a4 Rg3 36.Kh2 Rxb3 37.a5 Rb2  0-1

[Event "ch-USA w 2023"]
[Site "Saint Louis USA"]
[Date "2023.10.05"]
[Round "1.1"]
[White "Krush,I"]
[Black "Yip,Carissa"]
[Result "1/2-1/2"]
[WhiteElo "2437"]
[BlackElo "2372"]

1.d4 Nf6 2.c4 g6 3.Nc3 Bg7 4.e4 d6 5.Be2 O-O 6.Nf3 Nbd7 7.O-O e5 8.Be3 Qe7
9.d5 c5 10.Ne1 Kh8 11.Nd3 Ng8 12.Qd2 f5 13.exf5 gxf5 14.f4 e4 15.Nf2 Bf6
16.h3 a6 17.g4 Bh4 18.Kh2 h6 19.Rg1 Ndf6 20.a4 Bd7 21.Rg2 Rae8 22.gxf5 Bxf5
23.Rag1 Qc7 24.Bd1 Qb6 25.Ne2 a5 26.Nc3 Qd8 27.Nb5 Ne7 28.Qc3 Rf7 29.Bh5 Ref8
30.Bxf7 Rxf7 31.b3 Kh7 32.Bc1 Ng6 33.Qe3 Qf8 34.Qe2 b6 35.Be3 Qe7 36.Nc3 Bxf2
37.Qxf2 Nh5 38.Rxg6 Bxg6 39.Qg2 Rg7 40.Qg4 Qf6 41.Ne2 Bf7 42.Qd7 Qb2 43.Qf5+ Kh8
44.Qc8+ Kh7 45.Qf5+ Kh8 46.Qc8+ Bg8 47.Rxg7 Nxg7 48.Qg4 Bf7 49.Qg2 Nf5 50.Bg1 Bh5
51.Ng3 Qxg2+ 52.Kxg2 Bf3+ 53.Kf2 Nxg3 54.Kxg3 Bd1 55.f5 Bxb3 56.Kf4 Bxc4
57.Kxe4 Bf1 58.Bh2 Bg2+ 59.Ke3 Bxh3 60.Bxd6 Bxf5 61.Bc7 Bd7 62.Bxb6 Bxa4
63.Bxc5 Bd7 64.Kd2 Kg7 65.Kc3 Kf6 66.Bf2 Ke5 67.Kb2 Kxd5 68.Bh4 Bb5 69.Bd8 a4
70.Bh4 Bc6 71.Bd8 Bb5 72.Bh4 Bc6 73.Bd8 Bb5  1/2-1/2

[Event "ch-USA w 2023"]
[Site "Saint Louis USA"]
[Date "2023.10.06"]
[Round "2.5"]
[White "Cervantes Landeiro,Thalia"]
[Black "Krush,I"]
[Result "1/2-1/2"]
[WhiteElo "2303"]
[BlackElo "2437"]

1.d4 Nf6 2.c4 e6 3.Nf3 d5 4.Nc3 c6 5.e3 Nbd7 6.Bd3 dxc4 7.Bxc4 b5 8.Bd3 Bb7
9.O-O a6 10.Qe2 c5 11.dxc5 Bxc5 12.e4 e5 13.Nh4 O-O 14.Nf5 g6 15.Nh6+ Kg7
16.Bg5 Qb6 17.Ng4 Rfe8 18.a4 b4 19.a5 Qd6 20.Nxf6 Nxf6 21.Na4 Bd4 22.Nb6 Bxb6
23.axb6 Qxb6 24.Be3 Qe6 25.Bc4 Qe7 26.f3 a5 27.b3 Bc8 28.f4 Nxe4 29.fxe5 Be6
30.Qf3 Nc3 31.Bxe6 Qxe6 32.Bg5 h6 33.Bf6+ Kh7 34.Rae1 a4 35.bxa4 Rxa4 36.Qb7 Qd5
37.Qc7 Ra2 38.Rf3 Nb5 39.Qc1 Qd4+ 40.Kh1 Qd2 41.Qxd2 Rxd2 42.Rb3 Rd4 43.Reb1 Nc3
44.Rxb4 Rxb4 45.Rxb4 Nd5 46.Rb7 Nxf6 47.Rxf7+ Kg8 48.Rxf6 Rxe5 49.h3 Kg7
50.Rf3 h5 51.Kh2 Re4 52.Ra3 Rb4 53.Rf3 Re4 54.Ra3 Rb4 55.Rf3 Re4  1/2-1/2

[Event "ch-USA w 2023"]
[Site "Saint Louis USA"]
[Date "2023.10.07"]
[Round "3.6"]
[White "Krush,I"]
[Black "Pourkashiyan,A"]
[Result "1-0"]
[WhiteElo "2437"]
[BlackElo "2288"]

1.d4 Nf6 2.c4 e6 3.Nf3 d5 4.cxd5 exd5 5.Nc3 c6 6.Qc2 Na6 7.a3 Nc7 8.Bf4 Bd6
9.Bxd6 Qxd6 10.e3 Bg4 11.Ne5 Bh5 12.Bd3 Bg6 13.Bxg6 hxg6 14.O-O O-O 15.f4 Qe6
16.Rf3 Nb5 17.Raf1 Nd6 18.Qf2 Nfe4 19.Nxe4 Nxe4 20.Qh4 Qf6 21.Qe1 Rfe8 22.g4 Qe7
23.Rh3 g5 24.fxg5 Nxg5 25.Rh5 g6 26.Rh6 Kg7 27.Qh4 Rac8 28.Kg2 Rc7 29.Rxf7+ Qxf7
30.Rxg6+ Qxg6 31.Nxg6 Nf7 32.Qg3 Rd7 33.Nh4 Nd6 34.Qf4 Rf8 35.Qe5+ Kf7 36.g5 Rdd8
37.g6+ Kg8 38.Qe7 Nf7 39.Nf5 Rb8 40.gxf7+  1-0

[Event "ch-USA w 2023"]
[Site "Saint Louis USA"]
[Date "2023.10.08"]
[Round "4.3"]
[White "Paikidze,N"]
[Black "Krush,I"]
[Result "1/2-1/2"]
[WhiteElo "2316"]
[BlackElo "2437"]

1.d4 d5 2.c4 dxc4 3.e4 Nf6 4.e5 Nd5 5.Bxc4 Nb6 6.Bd3 Nc6 7.Ne2 Bg4 8.f3 Bh5
9.Be3 e6 10.Nbc3 Bg6 11.Be4 Qd7 12.Bf2 Be7 13.O-O O-O 14.a3 Bxe4 15.fxe4 f6
16.exf6 Bxf6 17.d5 exd5 18.Bxb6 axb6 19.Nxd5 Qd6 20.Qb3 Kh8 21.Nxf6 Rxf6
22.Rxf6 Qxf6 23.Rf1 Qe5 24.Qf7 h6 25.Ng3 Nd4 26.Kh1 Re8 27.Nh5 Qe7 28.Nxg7 Qxf7
29.Rxf7 Rxe4 30.h3 Re1+ 31.Kh2 Rc1 32.Ne8 Ne6 33.Re7 Rc6 34.Nf6 Ng5 35.Nd5 Ne6
36.b4 b5 37.h4 Kg8 38.Rd7 Kf8 39.Kg3 Rc4 40.Rh7 Ng7 41.Rh8+ Kf7 42.Kf3 c6
43.Ne3 Rxh4 44.g3 Rd4 45.Rb8 Ke6 46.Rxb7 Nf5 47.Nxf5 Kxf5 48.Rf7+ Ke5 49.Re7+ Kf5
50.Rf7+ Ke5 51.Re7+ Kf5 52.Rf7+ Ke5 53.Re7+  1/2-1/2

[Event "ch-USA w 2023"]
[Site "Saint Louis USA"]
[Date "2023.10.10"]
[Round "5.3"]
[White "Krush,I"]
[Black "Zatonskih,A"]
[Result "1-0"]
[WhiteElo "2437"]
[BlackElo "2363"]

1.d4 d5 2.c4 e6 3.Nc3 c5 4.cxd5 exd5 5.Nf3 Nc6 6.dxc5 d4 7.Na4 Bxc5 8.Nxc5 Qa5+
9.Bd2 Qxc5 10.Rc1 Qb6 11.e3 dxe3 12.Bxe3 Qxb2 13.Bc4 Nge7 14.Ng5 O-O 15.Qh5 Bf5
16.Bxf7+ Kh8 17.O-O h6 18.Ne6 Bxe6 19.Bxe6 Qf6 20.Bc4 Rad8 21.h4 Ne5 22.Bb3 Nf5
23.Bg5 Qb6 24.Bxd8 Qxd8 25.Be6 g6 26.Qe2 Qf6 27.Bxf5 gxf5 28.Rfe1 Ng6 29.Qe6 Qg7
30.Rc8 Nxh4 31.Rxf8+ Kh7 32.Rf7  1-0

[Event "ch-USA w 2023"]
[Site "Saint Louis USA"]
[Date "2023.10.11"]
[Round "6.6"]
[White "Yan,Ruiyang"]
[Black "Krush,I"]
[Result "1/2-1/2"]
[WhiteElo "2206"]
[BlackElo "2437"]

1.e4 c5 2.Nf3 e6 3.d4 cxd4 4.Nxd4 a6 5.c4 Nf6 6.Nc3 Qc7 7.a3 b6 8.Be3 Bb7
9.f3 Be7 10.Be2 O-O 11.O-O d6 12.Rc1 Nbd7 13.Qd2 Rfc8 14.b4 Rab8 15.Rfd1 Ne5
16.Bf1 Qd7 17.Qa2 Qe8 18.Qb3 Nfd7 19.Na4 Ba8 20.Nb2 g5 21.Nd3 Qf8 22.Nf2 Qg7
23.Qa2 Kh8 24.Qd2 Rg8 25.Kh1 Nf6 26.Re1 g4 27.f4 g3 28.fxe5 dxe5 29.hxg3 Rbd8
30.Qb2 exd4 31.Bxd4 Qh6+ 32.Kg1 Rxg3 33.Rc3 Rg6 34.Rh3 Qf4 35.Be5 Rd2 36.Bxf4 Rxb2
37.Be5 Rd2 38.Bd3 Kg8 39.Bf4 Rb2 40.Bc1 Rb3 41.Bc2 Rxh3 42.Nxh3 Rg3 43.Bb2 Ng4
44.Nf4 Ne3 45.Rxe3 Rxe3 46.Kf2 Bxe4 47.Kxe3 Bxc2 48.Nh5 Bg5+ 49.Ke2 Kf8 50.Bd4 b5
51.c5 Ke7 52.Be3 Bd1+ 53.Kxd1 Bxe3 54.Ng3 f5 55.Kc2 Bf4 56.Ne2 Be5 57.Kb3 h5
58.a4 h4 59.axb5 axb5 60.Kc2 Kd7 61.Kd3 Kc6 62.Ke3 Bf6 63.Kf3 e5 64.g4 e4+
65.Kf4 fxg4 66.Kxg4 Kd5 67.Nf4+ Kc4 68.Kf5 Bd8 69.Kxe4 Kxb4 70.Ne6 Ba5 71.Nd4 h3
72.Kf3 Bc7 73.Kf2 Bh2 74.Kf3 Be5 75.Nxb5 Kxb5 76.Kf2 Bh2 77.Kf3 Bc7 78.Kf2 Kxc5
79.Kg1 Kd5 80.Kh1 Ke4 81.Kg1 Kf3 82.Kh1 h2  1/2-1/2

[Event "ch-USA w 2023"]
[Site "Saint Louis USA"]
[Date "2023.10.12"]
[Round "7.4"]
[White "Krush,I"]
[Black "Eswaran,Ashritha"]
[Result "1/2-1/2"]
[WhiteElo "2437"]
[BlackElo "2273"]

1.d4 Nf6 2.c4 g6 3.Nc3 Bg7 4.e4 d6 5.Be2 O-O 6.Nf3 e5 7.d5 a5 8.Bg5 h6 9.Bh4 Na6
10.Nd2 Qe8 11.a3 Bd7 12.b3 Nh7 13.f3 f5 14.Bf2 Qe7 15.O-O Bf6 16.Qc2 Bh4
17.g3 Bf6 18.exf5 gxf5 19.Kg2 Kh8 20.Rae1 Qg7 21.Nb5 Ng5 22.Rg1 Rae8 23.c5 e4
24.c6 bxc6 25.dxc6 Bc8 26.Bc4 exf3+ 27.Nxf3 f4 28.Nxg5 Qxg5 29.Rxe8 Rxe8
30.Re1 Rf8 31.Qe4 fxg3 32.hxg3 Be5 33.Qe3 Qg7 34.Rh1 Kh7 35.Be1 Bg4 36.Bd3+ Bf5
37.Bd2 Bf4 38.Bxf5+ Rxf5 39.Qd3 Qe5 40.Bxf4 Qxb5 41.Rxh6+ Kg8 42.Qc3 Qd5+
43.Kf1 Qe5 44.Qc4+ Kg7 45.Re6 Qb5 46.Re4 Rc5 47.Qe2 Qxe2+ 48.Kxe2 Rxc6 49.Kf3 Rb6
50.Kg4 Rxb3 51.Kh5 Kf7 52.Ra4 Rb5+ 53.Kh6 Nc5 54.Rc4 Rb3 55.a4 Ra3 56.Rc1 Ne6
57.Rf1 Nxf4 58.Rxf4+ Ke6 59.g4 d5 60.g5 Rh3+ 61.Kg7 Rg3 62.g6 c5 63.Rf6+ Ke5
64.Ra6 c4 65.Rxa5 c3 66.Rc5 Kd6 67.Rc8 d4 68.Kf7 Rf3+ 69.Ke8 Re3+ 70.Kf7 d3
71.Rxc3 Rf3+ 72.Kg8 d2 73.Rxf3 d1=Q 74.Rf7 Qxa4 75.Kg7 Qd4+ 76.Kg8 Qe5 77.Kh7 Ke6
78.Kg8 Qh5 79.Kg7 Qh4 80.Rf8 Qd4+ 81.Kh7 Ke7 82.Rf7+ Ke8 83.Kg8 Qd6 84.Kg7 Qd4+
85.Kg8 Qc4 86.Kg7 Qh4 87.Kg8 Qh6 88.Rf6 Ke7 89.Rf7+ Ke6 90.g7 Qh4 91.Rf8 Qh5
92.Rf1 Ke7 93.Rf8 Qh1 94.Rf2 Qd5+ 95.Kh7 Qe4+ 96.Kg8 Qc4+ 97.Kh7 Qh4+ 98.Kg6 Qg3+
99.Kh7 Qd3+ 100.Kh8 Qh3+ 101.Kg8 Ke6 102.Rf8 Qh4 103.Rf7 Qc4 104.Rf8 Ke5+
105.Kh7 Qh4+ 106.Kg6 Qg4+ 107.Kh6 Qh3+ 108.Kg6 Qg4+ 109.Kh6 Qh4+ 110.Kg6 Qg4+
111.Kh6 Qh4+ 112.Kg6 Qg4+ 113.Kh6  1/2-1/2

[Event "ch-USA w 2023"]
[Site "Saint Louis USA"]
[Date "2023.10.13"]
[Round "8.1"]
[White "Krush,I"]
[Black "Yu,Jennifer"]
[Result "1/2-1/2"]
[WhiteElo "2437"]
[BlackElo "2294"]

1.d4 d5 2.c4 e6 3.Nc3 Nf6 4.cxd5 exd5 5.Bg5 c6 6.e3 h6 7.Bh4 Be6 8.Bd3 Nbd7
9.f3 g5 10.Bg3 Nh5 11.Bf2 Bd6 12.Nge2 Qc7 13.Qc2 O-O-O 14.h3 Kb8 15.O-O-O Nb6
16.Kb1 Rhe8 17.g4 Ng7 18.Rhg1 Ka8 19.Ng3 Qe7 20.Nf5 Nxf5 21.gxf5 Bc8 22.e4 f6
23.Rge1 Qf7 24.Bg1 Bg3 25.Rf1 Qc7 26.Ne2 Bh2 27.Bf2 h5 28.Rh1 Bd6 29.Rhg1 Re7
30.Rg2 Rh8 31.Nc1 Rg7 32.Rdg1 Rhg8 33.Nb3 Nd7 34.a3 Bh2 35.Rh1 Bf4 36.Be2 Qd6
37.Ka1 Nb6 38.Nc5 Qe7 39.a4 Bd6 40.a5 Bxc5 41.dxc5 Nd7 42.exd5 cxd5 43.Rd1 Qd8
44.a6 Ne5 45.axb7+ Rxb7 46.h4 Qa5+ 47.Kb1 Bxf5 48.Qxf5 Rxb2+ 49.Kxb2 Rb8+
50.Kc1 Qa3+ 51.Kd2 Qb4+ 52.Ke3 Qxc5+ 53.Kd2 Qb4+ 54.Ke3 Qc5+ 55.Kd2 Qb4+
56.Ke3 Qc5+ 57.Kd2  1/2-1/2

[Event "ch-USA w 2023"]
[Site "Saint Louis USA"]
[Date "2023.10.15"]
[Round "9.1"]
[White "Lee,Alice"]
[Black "Krush,I"]
[Result "1/2-1/2"]
[WhiteElo "2388"]
[BlackElo "2437"]

1.d4 Nf6 2.c4 e6 3.Nf3 Bb4+ 4.Bd2 Qe7 5.e3 b6 6.Bd3 Bb7 7.O-O Bxd2 8.Nbxd2 c5
9.e4 cxd4 10.e5 Ng4 11.h3 Nh6 12.Nxd4 Nc6 13.Nxc6 Bxc6 14.Ne4 O-O 15.Qh5 Nf5
16.Ng3 g6 17.Qg4 Nxg3 18.Qxg3 Rad8 19.Rad1 d6 20.exd6 Qxd6 21.Qh4 Qd4 22.Qxd4 Rxd4
23.Be2 Rfd8 24.Rxd4 Rxd4 25.Rd1 Rxd1+ 26.Bxd1 e5 27.f3 f5 28.Kf2 Kf7 29.b4 Ke6
30.Ke3 g5 31.Bc2 h5 32.g4 f4+ 33.Ke2 h4 34.Be4 Bxe4 35.fxe4 Kd6 36.Kd2 a5
37.a3 axb4 38.axb4 Kc6 39.Ke2 Kd6 40.Kd2 Kc6 41.Ke2 Kd6 42.Kd2 Kc6  1/2-1/2

[Event "ch-USA w 2023"]
[Site "Saint Louis USA"]
[Date "2023.10.16"]
[Round "10.2"]
[White "Krush,I"]
[Black "Tokhirjonova,Gulrukhbegim"]
[Result "1-0"]
[WhiteElo "2437"]
[BlackElo "2350"]

1.d4 Nf6 2.c4 e6 3.Nc3 Bb4 4.e3 O-O 5.Bd2 d5 6.Nf3 Re8 7.Rc1 a6 8.Bd3 dxc4
9.Bxc4 Nbd7 10.O-O h6 11.Ne5 c5 12.Bb3 Qe7 13.Qe2 Nxe5 14.dxe5 Nd7 15.f4 Bxc3
16.Bxc3 b5 17.Rfd1 Bb7 18.Rd6 Rac8 19.Rcd1 Nb8 20.Bc2 Bc6 21.Qd3 g6 22.e4 b4
23.Be1 Bb5 24.Qh3 Nc6 25.Qxh6 Nd4 26.Bd3 Qf8 27.Qh3 Bxd3 28.Qxd3 Qh6 29.Bd2 Qh5
30.Be3 Nb5 31.Rd7 c4 32.Qc2 c3 33.b3 Na3 34.Qd3 c2 35.Rc1 a5 36.Bb6 Qg4 37.Qf3 Qxf3
38.gxf3 Ra8 39.Kf2 a4 40.Bc5 axb3 41.axb3 Rec8 42.Bxb4 Nb1 43.Ke3 Rab8 44.Rd4 Rb7
45.Kd3 Na3 46.Ke2 Nb1 47.Kd3 Na3 48.Ke3 Nb1 49.Kd3 Na3 50.f5 Nb5 51.Rxc2 Re8
52.Rdc4 exf5 53.Rc8 fxe4+ 54.Kxe4 Nc3+ 55.R2xc3 Rxb4+ 56.R3c4 Rxc8 57.Rxb4 Rc2
58.h4 Kg7 59.Rc4 Rb2 60.b4 Rb3 61.f4 Kh6 62.Kd5 Kh5 63.Kc6 Kxh4 64.b5 Kg4
65.b6 Kf5 66.b7 Rb1 67.Kc7 g5 68.fxg5 Kxg5 69.b8=Q Rxb8 70.Kxb8 Kf5 71.Rc5  1-0

[Event "ch-USA w 2023"]
[Site "Saint Louis USA"]
[Date "2023.10.17"]
[Round "11.2"]
[White "Abrahamyan,T"]
[Black "Krush,I"]
[Result "1-0"]
[WhiteElo "2262"]
[BlackElo "2437"]

1.e4 c5 2.Nf3 e6 3.d4 cxd4 4.Nxd4 Nc6 5.Nc3 Qc7 6.Be3 a6 7.g4 Nxd4 8.Qxd4 b5
9.O-O-O Bb7 10.g5 Rc8 11.Rd2 f6 12.Bh3 Bc5 13.Qd3 Bb4 14.Bf4 Qc6 15.Rhd1 Rd8
16.Qg3 Ne7 17.Bd6 Bxc3 18.bxc3 Ng6 19.gxf6 gxf6 20.Bc7 Rc8 21.Rxd7 O-O 22.R1d6 Qxe4
23.Rxe6 Qh1+ 24.Kb2 Rce8 25.Rxh7 Kxh7 26.Bf5 Rg8 27.Qh4+ Kg7 28.Qxf6+ Kh6
29.Qh4+ Kg7 30.Rxg6+ Kf7 31.Qf6+  1-0

[Event "107th Edward Lasker Mem"]
[Site "New York USA"]
[Date "2023.12.07"]
[Round "1.6"]
[White "Krush,I"]
[Black "Ling,Chenxuan"]
[Result "1-0"]
[WhiteElo "2430"]
[BlackElo "1868"]

1.d4 Nf6 2.c4 e6 3.Nc3 Bb4 4.e3 O-O 5.Bd2 d5 6.Nf3 dxc4 7.Bxc4 b6 8.O-O Bb7
9.Qe2 Nbd7 10.Rfd1 Qe7 11.a3 Bxc3 12.Bxc3 Ne4 13.Be1 c5 14.Ne5 cxd4 15.Bb4 Nd6
16.Nxd7 Qxd7 17.Rxd4 Qc6 18.f3 Nf5 19.Rdd1 Rfd8 20.Bd3 Qc7 21.Be1 Qe5 22.Bf2 Rac8
23.Rac1 Rxc1 24.Rxc1 Qd6 25.Bc2 Qe5 26.Rd1 Rxd1+ 27.Qxd1 Qd6 28.Qe1 Qc7 29.Qd2 Qd6
30.Qc3 Qc6 31.Qd3 Qd6 32.e4 Qxd3 33.Bxd3 Ne7 34.b4 Kf8 35.b5 Ke8 36.h4 e5
37.h5 h6 38.Be1 Ng8 39.Bc3 f6 40.Bb4 Ne7 41.Bc4 Kd7 42.Kf2 Kd8 43.Ke3 Kd7
44.a4 Ke8 45.a5 Bc8 46.Bd6 Bb7 47.Bc7 bxa5 48.Bxa5 Nc8 49.Bb4 Nb6 50.Be2 Bc8
51.Bc5 Bd7 52.g3 Kf7 53.f4 Be6 54.Kf3 Bd7 55.Bd6 exf4 56.gxf4 Be6 57.Bc5 Bd7
58.Ke3 Be6 59.Kd4 Ke8 60.Bd6 Nc8 61.Bb8 Kd7 62.Kc5 Bf7 63.Bg4+ Kd8 64.e5 Be8
65.f5 Nb6 66.Bxa7 Nd7+ 67.Kd6 Nxe5 68.Be2 Nf7+ 69.Kd5 Kc8 70.Bc5 Bd7 71.Ke4 Ng5+
72.Kf4 Nh3+ 73.Kg4 Ng5 74.Bf8 Nf7 75.Bxg7 Nd6 76.Bd3 Nxb5 77.Bxh6 Kd8 78.Bg7 Ke7
79.h6  1-0

[Event "107th Edward Lasker Mem"]
[Site "New York USA"]
[Date "2023.12.08"]
[Round "2.5"]
[White "Rosenberg,E"]
[Black "Krush,I"]
[Result "1/2-1/2"]
[WhiteElo "1926"]
[BlackElo "2430"]

1.Nf3 c5 2.c4 Nc6 3.g3 g6 4.Bg2 Bg7 5.Nc3 d6 6.O-O Bf5 7.Re1 Qd7 8.Nd5 Nf6
9.e4 Bg4 10.Qa4 O-O 11.d4 cxd4 12.Bg5 Rfe8 13.Bxf6 Bxf6 14.Nxf6+ exf6 15.Nd2 Bh3
16.Rad1 Re5 17.f4 Re7 18.b4 Bxg2 19.Kxg2 Qc7 20.Nb3 Rae8 21.b5 Nd8 22.Rxd4 f5
23.Qb4 fxe4 24.Qxd6 Qc8 25.Nc5 Qf5 26.Re3 Kg7 27.h3 h5 28.Rd5 Qc8 29.f5 gxf5
30.Qf4 f6 31.Rxf5 Ne6 32.Nxe6+ Qxe6 33.Rxh5 Rh8 34.Rxh8 Kxh8 35.Qh6+ Kg8
36.Qg6+ Kf8 37.g4 Qe5 38.Qf5 Qxf5 39.gxf5 Re5 40.Kg3 Rxf5 41.Rxe4 Kf7 42.a4 b6
43.h4 Rf1 44.c5 bxc5 45.Rc4 Ra1 46.h5 Kg7 47.Kg4 Rb1 48.Rxc5 Rb4+ 49.Kf5 Rxa4
50.Rc7+ Kh6 51.Kxf6 Kxh5 52.Kf5 Kh6 53.Rc6+  1/2-1/2

[Event "107th Edward Lasker Mem"]
[Site "New York USA"]
[Date "2023.12.09"]
[Round "3.5"]
[White "Krush,I"]
[Black "Bonin,J"]
[Result "1-0"]
[WhiteElo "2430"]
[BlackElo "2175"]

1.d4 d5 2.c4 c6 3.Nf3 Nf6 4.Nc3 a6 5.c5 Nbd7 6.Bf4 Nh5 7.Bd2 g6 8.e4 dxe4
9.Nxe4 Bg7 10.Bc4 O-O 11.O-O Ndf6 12.Nxf6+ Nxf6 13.h3 Bf5 14.Bf4 Be4 15.Be5 Bd5
16.b3 Qd7 17.Qe2 Rad8 18.Rad1 Rfe8 19.Nd2 Nh5 20.Rfe1 Bh6 21.Ne4 Nf4 22.Qe3 Bxe4
23.Qxe4 Nd5 24.g4 e6 25.Qf3 Bg7 26.Bd6 Bf8 27.Bg3 Be7 28.h4 h6 29.h5 gxh5
30.gxh5 Bg5 31.Kh1 f6 32.Re2 Kh8 33.Rde1 e5 34.Re4 Qh3+ 35.Kg1 Rg8 36.Bf1 Qc8
37.Kh2 Rdf8 38.Bh3 Qd8 39.Bf5 Bf4 40.Bg6 f5 41.Rxe5 Qh4+ 42.Kg2 Bxg3 43.fxg3 Qxd4
44.Bxf5 Nf4+ 45.Kh1 Nd3 46.Qxd3  1-0

[Event "107th Edward Lasker Mem"]
[Site "New York USA"]
[Date "2023.12.09"]
[Round "4.3"]
[White "Xu,Grant"]
[Black "Krush,I"]
[Result "1-0"]
[WhiteElo "2285"]
[BlackElo "2430"]

1.e4 c5 2.c3 d5 3.exd5 Qxd5 4.d4 Nf6 5.Nf3 Bg4 6.Nbd2 Nc6 7.Bc4 Bxf3 8.Qa4 Qd7
9.Nxf3 cxd4 10.O-O Rc8 11.Rd1 e6 12.Bg5 Be7 13.Be2 h6 14.Be3 dxe3 15.Rxd7 exf2+
16.Kxf2 Nxd7 17.Bb5 O-O 18.Bxc6 Rxc6 19.Nd4 Bc5 20.Ke2 Rd6 21.Nb3 Rd8 22.Qh4 Bb6
23.Rd1 Rxd1 24.Kxd1 Nc5+ 25.Kc2 Nxb3 26.Kxb3 Rd7 27.Qc4 Rc7 28.Qd3 h5 29.a4 g6
30.Qd6 Rc8 31.Qd7 Rc7 32.Qe8+ Kg7 33.Qb5 Re7 34.a5 Bg1 35.Qe5+ f6 36.Qd6 Kf7
37.h3 a6 38.Kc2 h4 39.c4 e5 40.Kd3 f5 41.Ke2 Bd4 42.b4 Bc3 43.Qd5+ Kg7 44.b5 axb5
45.Qd8 Kf7 46.cxb5 Bd4 47.b6 Bg1 48.a6 Bxb6 49.Qd5+ Kg7 50.Qd6 Kf7 51.axb7 Bc7
52.Qxc7 Rxc7 53.b8=Q Rd7 54.Kf2 Rd2+ 55.Kf1 Rd1+ 56.Kf2 Rd2+ 57.Kg1 Rd1+
58.Kh2 e4 59.Qb3+  1-0

[Event "World Rapid Women 2023"]
[Site "Samarkand UZB"]
[Date "2023.12.26"]
[Round "1.16"]
[White "Gvetadze,Sopi"]
[Black "Krush,I"]
[Result "1/2-1/2"]
[WhiteElo "2298"]
[BlackElo "2430"]

1.e4 c5 2.Nf3 d6 3.c3 Nf6 4.Be2 Nbd7 5.d3 b6 6.O-O Bb7 7.Re1 g6 8.Nbd2 Bg7
9.Bf1 Ne5 10.d4 Nxf3+ 11.Qxf3 cxd4 12.cxd4 O-O 13.Bd3 Rc8 14.Qe2 Nd7 15.Nf3 e5
16.dxe5 dxe5 17.Ba6 Bxa6 18.Qxa6 Nc5 19.Qe2 Qd3 20.Bd2 Qxe2 21.Rxe2 Rfd8
22.Bc3 f6 23.g3 Bh6 24.Kg2 Kf7 25.h4 Ne6 26.Ree1 Nd4 27.Red1 Nb5 28.Rxd8 Rxd8
29.Be1 Rc8 30.Rd1 Ke6 31.Bd2 Bxd2 32.Rxd2 Nd6 33.Re2 Rc4 34.b3 Rxe4 35.Rc2 Kd7
36.Kf1 Rb4 37.Rd2 Rb5 38.Ne1 Rc5 39.Nc2 Ke6 40.Ne3 f5 41.Kg2 Rc8 42.Kf3 Nb5
43.Nc4 Nd4+ 44.Kg2 b5 45.Ne3 Rc3 46.Kf1 Kd6 47.Kg2 Kc5 48.h5 Rc1 49.hxg6 hxg6
50.f4 e4 51.b4+ Kxb4 52.Rxd4+ Ka3 53.Rd2 a5 54.Rd5 Rb1 55.Rd6 Kxa2 56.Rxg6 a4
57.g4 Rb2+ 58.Kf1 Rb1+ 59.Ke2 Rb2+ 60.Ke1 Rb1+ 61.Ke2 Rb2+ 62.Ke1 Rb1+ 63.Kd2 Rb2+
64.Ke1 Rb1+ 65.Ke2 Rb2+  1/2-1/2

[Event "World Rapid Women 2023"]
[Site "Samarkand UZB"]
[Date "2023.12.26"]
[Round "2.31"]
[White "Krush,I"]
[Black "Hajiyeva,Laman"]
[Result "0-1"]
[WhiteElo "2430"]
[BlackElo "2094"]

1.d4 d5 2.c4 c6 3.cxd5 cxd5 4.Bf4 Nf6 5.e3 Nc6 6.Bd3 e6 7.Nc3 Bd6 8.Bxd6 Qxd6
9.f4 O-O 10.Nf3 b6 11.O-O Bb7 12.Ne5 Nb4 13.Bb1 Ne4 14.a3 Na6 15.Nb5 Qe7
16.Bxe4 dxe4 17.Rc1 f6 18.Nc4 Rfd8 19.Qa4 Nb8 20.Nd2 Bc6 21.Qb3 f5 22.Nc4 Bd5
23.Qa4 a6 24.Nxb6 axb5 25.Nxd5 Qb7 26.Ne7+ Kf8 27.Qb4 Qxe7 28.Qxb5 Na6 29.Rc6 Nb8
30.Rb6 Nd7 31.Rb7 Rab8 32.Rc1 Rxb7 33.Qxb7 Nf6 34.Rc7 Rd7 35.Qb8+ Kf7 36.Rc8 Nd5
37.Rh8 Nf6 38.h3 Rb7 39.Qa8 Rxb2 40.a4 Rb1+ 41.Kh2 Rb7 42.Qc8 Rc7 43.Qb8 Rc3
44.a5 Ng4+  0-1

[Event "World Rapid Women 2023"]
[Site "Samarkand UZB"]
[Date "2023.12.26"]
[Round "3.45"]
[White "Mamedjarova,T"]
[Black "Krush,I"]
[Result "1-0"]
[WhiteElo "2226"]
[BlackElo "2430"]

1.d4 d5 2.c4 dxc4 3.e3 e5 4.Bxc4 Nc6 5.d5 Na5 6.Be2 c6 7.e4 Nf6 8.Nc3 Bb4
9.Bg5 O-O 10.Nf3 cxd5 11.Bxf6 Qxf6 12.Qxd5 Nc6 13.O-O Bg4 14.a3 Ba5 15.Qd3 Bxc3
16.bxc3 Rac8 17.Rab1 b6 18.h3 Be6 19.Rfd1 Qe7 20.a4 f6 21.Nd2 Rfd8 22.Qe3 Na5
23.Ba6 Rc6 24.Nf1 Rcd6 25.Rxd6 Qxd6 26.Rb2 Qa3 27.Rd2 Rxd2 28.Qxd2 Qxa4 29.Qd8+ Kf7
30.Bc8 Qc6 31.Bxe6+ Qxe6 32.Ne3 Nc6 33.Qc7+ Ne7 34.Nf5 g6 35.Nd6+ Kg7 36.Ne8+ Kf8
37.Nd6 Kg7 38.Nc8  1-0

[Event "World Rapid Women 2023"]
[Site "Samarkand UZB"]
[Date "2023.12.26"]
[Round "4.52"]
[White "Krush,I"]
[Black "Shukhman,Anna"]
[Result "0-1"]
[WhiteElo "2430"]
[BlackElo "2213"]

1.d4 f5 2.Nf3 Nf6 3.g3 g6 4.Bg2 Bg7 5.O-O O-O 6.c4 d6 7.Nc3 c6 8.Qd3 Nbd7
9.e4 fxe4 10.Nxe4 Nxe4 11.Qxe4 e5 12.Bg5 Qe8 13.Rae1 Qf7 14.dxe5 Nxe5 15.Nxe5 Bxe5
16.Qe2 Be6 17.b3 Rae8 18.Qd2 Qc7 19.Bh6 Bg7 20.Bxg7 Kxg7 21.Rd1 Rd8 22.Qd4+ Kg8
23.Qxa7 Bg4 24.Rd2 Qd7 25.Qd4 Rfe8 26.f3 Bh3 27.Rfd1 Bxg2 28.Kxg2 Qf5 29.Qf2 Re6
30.Re2 Rde8 31.Rde1 Kf7 32.Rxe6 Rxe6 33.Re4 Kg8 34.Qe3 Rxe4 35.Qxe4 Qa5 36.Qe2 Kf7
37.Qb2 Qf5 38.Qd2 Qb1 39.b4 Ke7 40.a4 Qb3 41.c5 dxc5 42.bxc5 Qxa4 43.Qd6+ Kf7
44.Qd7+ Kf6 45.Qd6+ Kf7 46.Kh3 Qc2 47.g4 Qf2 48.Qd7+ Kf6 49.Qd6+ Kf7 50.Qd7+ Kf6
51.Qd6+ Kf7 52.f4 Qf3+ 53.Kh4 Qf2+ 54.Kg5 h6+  0-1

[Event "World Rapid Women 2023"]
[Site "Samarkand UZB"]
[Date "2023.12.27"]
[Round "5.56"]
[White "Khamrakulova,I"]
[Black "Krush,I"]
[Result "0-1"]
[WhiteElo "2132"]
[BlackElo "2430"]

1.Nf3 c5 2.c3 d5 3.d4 e6 4.Bf4 Bd6 5.Bxd6 Qxd6 6.e3 Nf6 7.Be2 O-O 8.O-O b6
9.Nbd2 Nbd7 10.Rc1 e5 11.dxe5 Nxe5 12.Nxe5 Qxe5 13.Nf3 Qe7 14.c4 Bb7 15.cxd5 Bxd5
16.Bc4 Rad8 17.Qe2 Bxf3 18.Qxf3 Rd2 19.Rb1 Rfd8 20.h3 g6 21.a3 a5 22.b3 Kg7
23.g4 Ne4 24.Ra1 R8d6 25.Rad1 Ng5  0-1

[Event "World Rapid Women 2023"]
[Site "Samarkand UZB"]
[Date "2023.12.27"]
[Round "6.47"]
[White "Krush,I"]
[Black "Aydin,Gulenay"]
[Result "1/2-1/2"]
[WhiteElo "2430"]
[BlackElo "2152"]

1.d4 Nf6 2.c4 g6 3.Nc3 Bg7 4.e4 d6 5.Be2 O-O 6.Nf3 e5 7.d5 a5 8.h3 Na6 9.Bg5 Nc5
10.Nd2 c6 11.Qc2 Bd7 12.O-O a4 13.Be3 Qa5 14.Rac1 Rfc8 15.Qb1 cxd5 16.cxd5 b5
17.a3 Rab8 18.Na2 Na6 19.Rxc8+ Rxc8 20.Rc1 Qd8 21.Rc3 Rb8 22.Nb4 Nxb4 23.axb4 Qf8
24.Qd3 Bh6 25.Nb1 Bxe3 26.Qxe3 Nxe4 27.Qxe4 Bf5 28.Qe3 Bxb1 29.Rc6 Ba2 30.Bf3 Qe7
31.g4 Bc4 32.Be4 Qd7 33.Qf3 Rc8 34.Kg2 Qd8 35.Ra6 Kg7 36.Kg3 h6 37.h4 Ra8
38.Rc6 Rc8 39.Ra6 Ra8 40.Rc6 Rc8 41.Ra6 Ra8 42.Rc6 Rc8 43.Ra6 Ra8  1/2-1/2

[Event "World Rapid Women 2023"]
[Site "Samarkand UZB"]
[Date "2023.12.27"]
[Round "7.47"]
[White "Lesbekova,Assel"]
[Black "Krush,I"]
[Result "0-1"]
[WhiteElo "1805"]
[BlackElo "2430"]

1.e4 c5 2.Nf3 d6 3.d4 cxd4 4.Qxd4 Nc6 5.Bb5 Bd7 6.Bxc6 Bxc6 7.Nc3 e6 8.Bg5 Nf6
9.O-O-O Be7 10.Rhe1 O-O 11.e5 dxe5 12.Qxe5 Qb6 13.Be3 Qa6 14.Bc5 Nd7 15.Rxd7 Bxc5
16.Rd2 Be7 17.Nd4 Bf6 18.Qg3 Rac8 19.Kb1 Qb6 20.Nxc6 Rxc6 21.Nd1 a5 22.Qb3 Qc7
23.g3 g6 24.h4 h5 25.Qf3 Kg7 26.Rh1 b5 27.g4 Rc8 28.Ne3 Qe5 29.Nd1 hxg4 30.Qxg4 Rc4
31.Qg3 Rxc2 32.Rxc2 Qe4 33.Nc3 Qxh1+ 34.Rc1 Qxh4 35.Qxh4 Bxh4 36.Nxb5 Rxc1+
37.Kxc1 Bxf2 38.Nd6 g5 39.b3 Bb6 40.Kd2 f5 41.a3 g4 42.Ke2 Kf6 43.b4 axb4
44.axb4 f4 45.b5 f3+ 46.Kf1 Bd4 47.Ne4+ Ke5 48.Ng3 Kd5 49.Nh5 Be5 50.Kf2 Kc5  0-1

[Event "World Rapid Women 2023"]
[Site "Samarkand UZB"]
[Date "2023.12.27"]
[Round "8.36"]
[White "Krush,I"]
[Black "Yakubbaeva,Nilufar"]
[Result "1-0"]
[WhiteElo "2430"]
[BlackElo "2307"]

1.d4 Nf6 2.c4 e6 3.Nc3 Bb4 4.e3 O-O 5.Bd2 d5 6.Nf3 a6 7.a3 Bxc3 8.Bxc3 Ne4
9.Rc1 Nxc3 10.Rxc3 Nd7 11.Bd3 dxc4 12.Rxc4 b5 13.Rc3 Bb7 14.Qc2 Bxf3 15.gxf3 Qg5
16.Bxh7+ Kh8 17.Rxc7 Nf6 18.Be4 Qg2 19.Rf1 Rad8 20.Ke2 e5 21.dxe5 Nxe4 22.Qxe4 Rd2+
23.Kxd2 Qxf1 24.Qh4+ Kg8 25.Rc1 Qg2 26.Qg3  1-0

[Event "World Rapid Women 2023"]
[Site "Samarkand UZB"]
[Date "2023.12.28"]
[Round "9.28"]
[White "Padmini,R"]
[Black "Krush,I"]
[Result "0-1"]
[WhiteElo "2353"]
[BlackElo "2430"]

1.e4 c5 2.Nf3 d6 3.c3 Nf6 4.Be2 Nbd7 5.d3 b6 6.O-O Bb7 7.a4 g6 8.Nbd2 Bg7
9.Re1 O-O 10.Bf1 e5 11.Nc4 Qc7 12.Bg5 Rfe8 13.Qd2 a6 14.h3 b5 15.axb5 axb5
16.Ne3 Rxa1 17.Rxa1 c4 18.Bxf6 Nxf6 19.dxc4 Nxe4 20.Qc2 bxc4 21.Bxc4 Nf6
22.Ra7 Qb6 23.Qa4 Rd8 24.Bxf7+ Kh8 25.Nc4 Qc6 26.Qxc6 Bxc6 27.Ng5 Ne4 28.Ne6 Rd7
29.Rxd7 Bxd7 30.Nxg7 Kxg7 31.Bd5 Nf6 32.Ba8 Ne8 33.b4 Kf6 34.Nb6 Bf5 35.Bc6 Nc7
36.Nd5+ Nxd5 37.Bxd5 Bd3 38.f3 h6 39.h4 g5 40.hxg5+ hxg5 41.Kf2 Ke7 42.Ke3 Bf1
43.g4 Ba6 44.c4 Bc8 45.Ke4 Kd8 46.c5 Kc7 47.Kd3 Ba6+ 48.Ke3 Bb5 49.Be4 Ba4
50.Kd2 Bb5 51.Kc3 Be2 52.Kc2 Bc4 53.Kb2 d5 54.Bf5 Be2 55.Kc3 d4+ 56.Kd2 Bxf3
57.Kd3 Bc6 58.Kc4 Bf3 59.b5 Be2+ 60.Kb4 Bf3 61.b6+ Kc6 62.Kc4 Be2+ 63.Kb3 Bf3
64.Kb4 e4 65.Kc4 e3 66.Kd3 Kxc5 67.Be6 Kxb6 68.Bf5 Kc5  0-1